| 000 | 00760nab a2200241 u 4500 | ||
|---|---|---|---|
| 001 | 21178 | ||
| 003 | HDC | ||
| 007 | cr bn ---aaaaa | ||
| 008 | 210306c20100923xx dr|noo 0 a eng d | ||
| 040 | _aHDC | ||
| 245 | 0 | _aUK: Sara's Launches Online Halal Meat Shop for UK Muslims | |
| 300 | _a1 online resource | ||
| 336 |
_atext _2rdacontent |
||
| 337 |
_acomputer _2rdamedia |
||
| 338 |
_aonline resource _2rdacarrier |
||
| 650 |
_aHalal meat shop _918798 |
||
| 650 |
_ahalal products _9642 |
||
| 710 | _aHalal Focus | ||
| 856 | _zRequest full-text at [email protected] | ||
| 942 | _2lcc | ||
| 942 | _cNEWS | ||
| 942 | _kNWSO 006490 | ||
| 999 |
_c18494 _d18494 |
||